00556nam a2200193Ia 4500008004100000020001800041082000800059100002700067245003900094250000600133260002900139300001600168500002400184650001500208700002500223942000700248952009000255999001700345230524s9999 xx 000 0 und d a9788131720624 bSIV aS.Sivanagaraju 942003 0aPower System Operation And Control a1 aNew DelhibPearsonc2009 a"XIX,585p;" aQuantity Number: 1 aElectrical aG.Sreenivasan942825 cBK 00104070aTATCLbTATCLcGENd2023-05-24l0o SIVp54107r2023-05-24w2023-05-24yBK c57795d57795